[Event "TUR-chT 2nd League"]
[Site "Konya"]
[Date "2019.07.24"]
[Round "4.15"]
[White "Aydin, Mert Dogan"]
[Black "Yetkin, Ayhan"]
[Result "0-1"]
[WhiteElo "1605"]
[BlackElo "1775"]
[PlyCount "80"]
[EventDate "2019.07.22"]
[EventType "team-swiss"]
[EventRounds "9"]
[EventCountry "TUR"]
[SourceTitle "CBM 191 Extra"]
[Source "ChessBase"]
[SourceDate "2019.09.30"]
[SourceVersion "1"]
[SourceVersionDate "2019.09.30"]
[SourceQuality "1"]
[WhiteTeam "Hayat Genclik"]
[BlackTeam "Altin Hamle Corum"]
[WhiteTeamCountry "TUR"]
[BlackTeamCountry "TUR"]

1. e4 c5 2. Nf3 a6 3. d4 cxd4 4. Nxd4 Nf6 5. Nc3 e5 6. Nb3 Bb4 7. Bd3 d5 8. exd5 e4 9. Be2 Nxd5 10. Qd4 0-0 11. Bd2 Bxc3 12. Bxc3 Nxc3 13. Qxc3 Nc6 14. h4 Re8 15. h5 h6 16. Rd1 Qg5 17. 0-0 Bg4 18. Bxg4 Qxg4 19. Rd5 Rad8 20. Rxd8 Rxd8 21. Qc5 Re8 22. Re1 Ne5 23. Kf1 Qxh5 24. Rxe4 Qd1+ 25. Re1 Qxe1+ 26. Kxe1 Nd3+ 27. Kd2 Nxc5 28. Nxc5 Re7 29. b4 h5 30. a4 g5 31. c4 Kf8 32. Kd3 f5 33. a5 Ke8 34. Kd4 h4 35. f3 g4 36. fxg4 fxg4 37. Ne4 h3 38. gxh3 gxh3 39. Nf2 h2 40. Kc5 Rf7 0-1

[Event "TUR-chT 2nd League"]
[Site "Konya"]
[Date "2018.07.17"]
[Round "3.6"]
[White "Mirzoev, Azer"]
[Black "Yetkin, Ayhan"]
[Result "1-0"]
[WhiteElo "2506"]
[BlackElo "1819"]
[PlyCount "102"]
[EventDate "2018.07.16"]
[EventType "team-swiss"]
[EventRounds "9"]
[EventCountry "TUR"]
[SourceTitle "EXT 2019"]
[Source "ChessBase"]
[SourceDate "2018.10.10"]
[SourceVersion "1"]
[SourceVersionDate "2018.10.10"]
[SourceQuality "1"]
[WhiteTeam "Pendik Dernegi"]
[BlackTeam "Altin Hamle Corum"]
[WhiteTeamCountry "TUR"]
[BlackTeamCountry "TUR"]

1. d4 d5 2. c4 c6 3. Nc3 Nf6 4. e3 a6 5. Nf3 b5 6. b3 Bg4 7. Be2 e6 8. 0-0 Nbd7 9. h3 Bh5 10. Bb2 Bd6 11. Rc1 0-0 12. Ne5 Bxe2 13. Nxe2 Rc8 14. Nf4 dxc4 15. bxc4 c5 16. Nxd7 Nxd7 17. dxc5 Bxc5 18. cxb5 axb5 19. Nh5 f6 20. Qd3 b4 21. Rfd1 Rc7 22. Nf4 Qe7 23. Qb3 Re8 24. Rc4 Nf8 25. Nd3 Rec8 26. Nxc5 Rxc5 27. Rxb4 R5c7 28. Rb6 Kh8 29. Ba3 Qf7 30. Bxf8 Qxf8 31. Qxe6 h6 32. Rbd6 Re8 33. Qxe8 Qxe8 34. Rd8 Qxd8 35. Rxd8+ Kh7 36. Ra8 Rc1+ 37. Kh2 h5 38. g4 hxg4 39. hxg4 g5 40. Kg3 Rc2 41. a4 Ra2 42. a5 Ra3 43. a6 Kg7 44. Kf3 Ra4 45. a7 Ra2 46. Ke4 Ra5 47. f4 gxf4 48. Kxf4 Ra4+ 49. e4 Ra5 50. g5 fxg5+ 51. Kg4 Kh7 1-0

[Event "TUR-chT 2nd League"]
[Site "Konya"]
[Date "2017.07.19"]
[Round "4.8"]
[White "Yetkin, Ayhan"]
[Black "Akgul, Emre Ramazan"]
[Result "1-0"]
[WhiteElo "1791"]
[BlackElo "1615"]
[PlyCount "91"]
[EventDate "2017.07.17"]
[EventType "team-swiss"]
[EventRounds "9"]
[EventCountry "TUR"]
[SourceTitle "CBM 179 Extra"]
[Source "ChessBase"]
[SourceDate "2017.08.23"]
[SourceVersion "1"]
[SourceVersionDate "2017.08.23"]
[SourceQuality "1"]
[WhiteTeam "Altin Hamle Corum"]
[BlackTeam "Gaziante Seviye"]
[WhiteTeamCountry "TUR"]
[BlackTeamCountry "TUR"]

1. d4 Nf6 2. c4 g6 3. Nc3 Bg7 4. e4 d6 5. h3 0-0 6. Bg5 c6 7. Nf3 Nbd7 8. Bd3 a6 9. Qd2 b5 10. 0-0 Bb7 11. e5 dxe5 12. dxe5 Nc5 13. Be2 Nfe4 14. Nxe4 Nxe4 15. Qe3 Nxg5 16. Nxg5 e6 17. Rfd1 Qc7 18. f4 Rfd8 19. Ne4 Bxe5 20. fxe5 Qxe5 21. Qb6 Rdb8 22. Qd4 Qxd4+ 23. Rxd4 Rd8 24. Rad1 Rxd4 25. Rxd4 c5 26. Nxc5 Bc6 27. Rd6 Rc8 28. cxb5 axb5 29. b4 Bd5 30. a3 Ra8 31. Ra6 Rb8 32. Ra5 Bc6 33. Nb3 e5 34. Ra6 Rc8 35. Rb6 Bd5 36. Nc5 Bc4 37. Bxc4 bxc4 38. Kf2 c3 39. Ke3 Rd8 40. Nd3 e4 41. Kxe4 Ra8 42. Rc6 Rxa3 43. Kd4 Ra2 44. Rxc3 Rxg2 45. b5 Ra2 46. b6 1-0

[Event "Troya op 23rd"]
[Site "Canakkale"]
[Date "2015.08.13"]
[Round "7"]
[White "Aydin, Kaan Ayhan"]
[Black "Yetkin, Ayhan"]
[Result "0-1"]
[WhiteElo "1857"]
[BlackElo "1881"]
[PlyCount "81"]
[EventDate "2015.08.08"]
[EventType "swiss"]
[EventRounds "9"]
[EventCountry "TUR"]
[SourceTitle "CBM 167 Extra"]
[Source "ChessBase"]
[SourceDate "2015.09.14"]
[SourceVersion "1"]
[SourceVersionDate "2015.09.14"]
[SourceQuality "1"]

1. e4 c5 2. Nf3 d6 3. d4 cxd4 4. Nxd4 Nf6 5. Nc3 a6 6. Be3 e6 7. g4 h6 8. Bg2 Qc7 9. Qe2 Bd7 10. 0-0-0 Nc6 11. Nd5 exd5 12. Nxc6 Bxc6 13. Bd4 0-0-0 14. exd5 Nxd5 15. Qc4 Ne3 16. Qb3 Bxg2 17. Bxe3 Bxh1 18. Bb6 Qc6 19. Rd2 Kd7 20. Qxf7+ Be7 21. Qf5+ Ke8 22. Qg6+ Kd7 23. Qf5+ Ke8 24. Qg6+ Kf8 25. Bxd8 Bxd8 26. Rxd6 Qe8 27. Qf5+ Bf6 28. Re6 Qf7 29. Qc5+ Kg8 30. Qc4 Bc6 31. Qe2 Kh7 32. f4 Re8 33. Qd3+ Kg8 34. Rd6 Qe7 35. Qc4+ Kh8 36. Rd1 Qe4 37. Qf7 Qxf4+ 38. Kb1 Qc4 39. c3 Qe4+ 40. Ka1 Qe1 41. Qb3 0-1

[Event "Troya op 23rd"]
[Site "Canakkale"]
[Date "2015.08.09"]
[Round "3"]
[White "Olcum, Ahmet"]
[Black "Yetkin, Ayhan"]
[Result "1-0"]
[WhiteElo "2060"]
[BlackElo "1881"]
[PlyCount "61"]
[EventDate "2015.08.08"]
[EventType "swiss"]
[EventRounds "9"]
[EventCountry "TUR"]
[SourceTitle "CBM 167 Extra"]
[Source "ChessBase"]
[SourceDate "2015.09.14"]
[SourceVersion "1"]
[SourceVersionDate "2015.09.14"]
[SourceQuality "1"]

1. e4 c5 2. Nc3 a6 3. a4 e6 4. g3 b6 5. Bg2 Bb7 6. Nge2 Nf6 7. 0-0 d5 8. exd5 Nxd5 9. Nxd5 Bxd5 10. Bxd5 Qxd5 11. Nf4 Qc6 12. b4 Bd6 13. Nh5 Be5 14. c3 Nd7 15. d4 Bf6 16. Qg4 g6 17. Nxf6+ Nxf6 18. Qh4 Nd7 19. Bh6 Rg8 20. Bg5 h5 21. Rad1 Kf8 22. Bh6+ Ke8 23. d5 Qc7 24. dxe6 fxe6 25. Qe4 Kf7 26. Rxd7+ Qxd7 27. Qf3+ Ke7 28. Bg5+ Ke8 29. Qxa8+ Kf7 30. Qf3+ Kg7 31. Rd1 1-0